| 000 | 00617nam a2200229Ia 4500 | ||
|---|---|---|---|
| 003 | OSt | ||
| 005 | 20220928111220.0 | ||
| 006 | a|||||r|||| 00| 0 | ||
| 007 | ta | ||
| 008 | 220927b |||||||| |||| 00| 0 eng d | ||
| 024 | _a42439 | ||
| 037 | _cTextual | ||
| 040 |
_aSDCL _cSDCL _beng |
||
| 041 |
_2eng _aeng |
||
| 082 | _aV2,94'M5, L6 | ||
| 100 |
_aSingh Madan Paul _9422730 |
||
| 245 | 0 | _aIndian army under the East India company | |
| 260 |
_aNew Delhi _bSterling Publishers _c1976 |
||
| 300 |
_a68p _ccm. |
||
| 942 |
_hV2,94'M5, L6 _cTEXL _2CC |
||
| 999 |
_c739133 _d739133 |
||